| 000 | 00466nam a2200181Ia 4500 | ||
|---|---|---|---|
| 003 | GCL | ||
| 008 | 140319s9999 xx 000 0 eng d | ||
| 020 | _a5050023734 | ||
| 040 |
_aGCL / _cGCL |
||
| 082 | 0 | 4 |
_a891.7 _bT A |
| 100 | 1 | _aTOLSTOI, LEO | |
| 245 | 1 | 0 |
_aANNA KARENINE / _cTOLSTOI, LEO |
| 260 |
_aروسيا : _bRADUGA PUBLISHERS ، _c1989 |
||
| 300 |
_a11 CM ؛ _c2 VOLS. |
||
| 650 | 0 | 4 | _aRUSSIAN LITERATURE |
| 650 | 0 | 4 | _aRUSSIA - FICTION |
| 942 |
_2ddc _cBK |
||
| 999 |
_c4658 _d4658 |
||